[Event "Mondiale Lampo FIDE 2019"]
[Site "Mosca"]
[Date "30.12.2019"]
[Round "18.77"]
[White "Pogosyan, Stefan"]
[Black "Zarnicki, Pablo"]
[Result "0-1"]
[WhiteTitle "IM"]
[BlackTitle "GM"]
[WhiteElo "2459"]
[BlackElo "2514"]
[WhiteFideId "34159867"]
[BlackFideId "100137"]
[EventDate "2019.12.29"]

1. b3 Nf6 2. Bb2 c5 3. e3 Nc6 4. Nf3 e6 5. d4 cxd4 6. exd4 d5 7. Nbd2 Bb4 8. a3
Bd6 9. Bd3 O-O 10. O-O Qc7 11. c4 b6 12. Rc1 Bb7 13. Qe2 dxc4 14. bxc4 Rad8 15.
Ne4 Nxe4 16. Qxe4 g6 17. Qh4 Be7 18. Qh6 Bf6 19. Rfd1 Bg7 20. Qh4 Qe7 21. Qf4
Rd7 22. Be4 Rfd8 23. Rd2 Nxd4 24. Bxd4 e5 25. Bxe5 Rxd2 26. Nxd2 Bxe5 27. Qf3
Rxd2 28. Bxb7 Bd4 29. Qe4 Qf6 30. Rf1 Rxf2 0-1

[Event "Mondiale Lampo FIDE 2019"]
[Site "Mosca"]
[Date "30.12.2019"]
[Round "18.78"]
[White "Kovalev, Vladislav"]
[Black "Batchuluun, Tsegmed"]
[Result "1-0"]
[WhiteTitle "GM"]
[BlackTitle "GM"]
[WhiteElo "2662"]
[BlackElo "2530"]
[WhiteFideId "13504398"]
[BlackFideId "4900847"]
[EventDate "2019.12.29"]

1. e4 e5 2. Nf3 Nc6 3. Bb5 Nf6 4. O-O Nxe4 5. Re1 Nd6 6. Nxe5 Be7 7. Bf1 Nf5 8.
Nf3 d5 9. d4 O-O 10. c3 Re8 11. Bd3 Bd6 12. Rxe8+ Qxe8 13. Qc2 g6 14. Bg5 Kg7
15. Nbd2 f6 16. Re1 Qf7 17. Be3 Bd7 18. Nf1 Nxe3 19. Nxe3 b6 20. Qb3 Ne7 21. c4
Be6 22. Nd2 dxc4 23. Bxc4 Bxc4 24. Ndxc4 Rd8 25. g3 Nd5 26. Qb5 Nxe3 27. Rxe3
Bf8 28. Re4 Qd5 29. Qxd5 Rxd5 30. Ne3 Rd7 31. Kf1 f5 32. Re6 Rxd4 33. Rc6 Bd6
34. Nc4 Kf6 35. b3 h5 36. Nxd6 cxd6 37. Rc7 a5 38. Rc6 b5 39. Ke2 a4 40. Ke3
Re4+ 41. Kd3 axb3 42. axb3 Ke6 43. Rb6 Re5 44. f4 Rc5 45. b4 Rd5+ 46. Ke3 Kf6
47. h4 Ke6 48. Rb7 Kf6 49. Rb6 Ke7 50. Rb7+ Ke6 51. Ke2 Kf6 52. Ke3 Rd1 53. Rxb5
Rg1 54. Kf2 Rb1 55. Rb8 Ke6 56. b5 Kd5 57. b6 Ke4 58. Re8+ Kd5 59. Rb8 Rb2+ 60.
Ke3 Rb3+ 61. Kf2 Ke4 62. Re8+ Kd5 63. Rb8 Ke4 64. Re8+ Kd5 65. Rb8 Ke4 66. Re8+
Kd5 67. Rb8 Ke4 68. Re8+ Kd5 69. Rg8 Rxb6 70. Rxg6 Rb2+ 71. Kf3 Rb3+ 72. Kf2
Rb2+ 73. Kf3 Rb3+ 74. Kf2 Rb2+ 75. Kf3 Rb3+ 76. Kf2 Rb2+ 77. Ke3 Rb3+ 78. Kf2
Rb2+ 79. Kf3 Rb3+ 80. Kf2 Rb2+ 81. Kf3 Rb3+ 82. Kg2 Rb2+ 83. Kf3 Rb3+ 84. Kg2
Rb2+ 85. Kf3 Rb3+ 86. Kg2 Rb2+ 87. Kh3 Rd2 88. Rh6 Ke4 89. Rxh5 d5 90. Rh8 d4
91. h5 Kf3 92. Rd8 Rd1 93. Kh4 d3 94. Kg5 Kxg3 95. h6 d2 96. h7 Rh1 97. Rd3+ Kf2
98. Rxd2+ Ke3 99. Rd7 Ke4 100. Re7+ Kd5 101. Kxf5 1-0

[Event "Mondiale Lampo FIDE 2019"]
[Site "Mosca"]
[Date "30.12.2019"]
[Round "18.79"]
[White "Afanasiev, Nikita"]
[Black "Khanin, Semen"]
[Result "0-1"]
[WhiteTitle "IM"]
[BlackTitle "IM"]
[WhiteElo "2517"]
[BlackElo "2500"]
[WhiteFideId "24183555"]
[BlackFideId "4111990"]
[EventDate "2019.12.29"]

1. Nf3 Nf6 2. c4 g6 3. Nc3 Bg7 4. g3 O-O 5. Bg2 d5 6. d4 dxc4 7. O-O a6 8. a4
Nc6 9. a5 Nd5 10. Qa4 Nxc3 11. bxc3 e5 12. e3 Be6 13. Rb1 Bd5 14. Rd1 exd4 15.
cxd4 b5 16. axb6 cxb6 17. Qc2 f5 18. Ba3 Re8 19. Nd2 b5 20. Bc5 Bxg2 21. Kxg2
Qd5+ 22. Kg1 Bf8 23. Bxf8 Rxf8 24. Re1 a5 25. Rbc1 Nb4 26. Qd1 Nd3 27. Rc3 Nxe1
28. Qxe1 a4 29. Qa1 Qd6 30. Qb1 a3 31. Qxb5 a2 32. Qxc4+ Kh8 33. Nb3 a1=Q+ 34.
Nxa1 Rxa1+ 35. Kg2 Rd8 36. Qe2 Qd5+ 37. Kh3 Qe4 38. f3 Qe6 39. Qb2 Ra2 40. Qc1
Qf6 41. Qb1 Rda8 42. Rc8+ Rxc8 43. Qxa2 Qg5 44. Qb3 Re8 45. Qf7 Qxe3 46. d5 Qe7 0-1

[Event "Mondiale Lampo FIDE 2019"]
[Site "Mosca"]
[Date "30.12.2019"]
[Round "18.80"]
[White "Potapov, Pavel"]
[Black "Sjugirov, Sanan"]
[Result "0-1"]
[WhiteTitle "GM"]
[BlackTitle "GM"]
[WhiteElo "2482"]
[BlackElo "2665"]
[WhiteFideId "4169786"]
[BlackFideId "4189302"]
[EventDate "2019.12.29"]

1. e4 g6 2. d4 Bg7 3. Nc3 d6 4. f4 a6 5. Nf3 Nd7 6. Bd3 c5 7. Be3 b5 8. O-O Bb7
9. e5 e6 10. Ne4 Bxe4 11. Bxe4 d5 12. Bd3 c4 13. Be2 h5 14. Bf2 Bf8 15. g3 Nh6
16. h3 Nb8 17. c3 Nc6 18. b3 Be7 19. Kg2 Qc7 20. a4 O-O 21. Ng5 Kg7 22. g4 hxg4
23. hxg4 b4 24. bxc4 dxc4 25. Rh1 Rh8 26. Bf3 Rad8 27. Be3 bxc3 28. Ne4 Nb4 29.
Nf6 Nd3 30. Qc2 Qa5 31. Rab1 Rb8 32. g5 Rb2 33. Rxb2 cxb2 34. gxh6+ Rxh6 35.
Rxh6 Bxf6 36. exf6+ Kxh6 37. f5+ Kh7 38. fxe6 Ne1+ 39. Kg3 Nxc2 0-1

[Event "Mondiale Lampo FIDE 2019"]
[Site "Mosca"]
[Date "30.12.2019"]
[Round "18.81"]
[White "Sutovsky, Emil"]
[Black "Geller, Jakov"]
[Result "1-0"]
[WhiteTitle "GM"]
[BlackTitle "GM"]
[WhiteElo "2643"]
[BlackElo "2521"]
[WhiteFideId "2802007"]
[BlackFideId "4151984"]
[EventDate "2019.12.29"]

1. e4 c5 2. Nc3 e6 3. Nf3 a6 4. d4 cxd4 5. Nxd4 Qc7 6. Bd3 Nf6 7. Qe2 d6 8. f4
Nbd7 9. Bd2 b5 10. O-O-O Bb7 11. Rhe1 Nc5 12. e5 dxe5 13. fxe5 Nfd7 14. Kb1 Be7
15. Qg4 g6 16. Bxb5 axb5 17. Ndxb5 Qa5 18. Bg5 h5 19. Qh4 Bxg5 20. Nd6+ Kf8 21.
Qxg5 Bd5 22. Rf1 Bxa2+ 23. Kc1 Nxe5 24. Qf6 Kg8 25. Nxf7 Ncd7 26. Qxh8# 1-0

[Event "Mondiale Lampo FIDE 2019"]
[Site "Mosca"]
[Date "30.12.2019"]
[Round "18.82"]
[White "Gasanov, Eldar"]
[Black "Gundavaa, Bayarsaikhan"]
[Result "1-0"]
[WhiteTitle "GM"]
[BlackTitle "GM"]
[WhiteElo "2481"]
[BlackElo "2489"]
[WhiteFideId "14104466"]
[BlackFideId "4901045"]
[EventDate "2019.12.29"]

1. d4 Nf6 2. c4 e6 3. Nf3 d5 4. e3 a6 5. b3 c5 6. Bb2 cxd4 7. exd4 Nc6 8. Bd3 g6
9. O-O Bg7 10. Ba3 Bf8 11. Bxf8 Kxf8 12. c5 Kg7 13. Qd2 b6 14. b4 bxc5 15. bxc5
Qc7 16. Re1 Re8 17. Nc3 Ng4 18. Qg5 Nf6 19. Na4 a5 20. Nb6 Ra7 21. Rad1 Ba6 22.
Bb1 Rb7 23. h4 Rbb8 24. Ne5 Nxd4 25. Rxd4 Qxc5 26. Rf4 Qe7 27. Nbd7 Ne4 28. Bxe4
Qxg5 29. Rxf7+ Kh6 30. hxg5+ Kxg5 31. f4+ Kh6 32. Ng4+ Kh5 33. Ndf6+ Kh4 34.
Rxh7+ 1-0

[Event "Mondiale Lampo FIDE 2019"]
[Site "Mosca"]
[Date "30.12.2019"]
[Round "18.83"]
[White "Carlsson, Pontus"]
[Black "Atabayev, Saparmyrat"]
[Result "0-1"]
[WhiteTitle "GM"]
[BlackTitle "IM"]
[WhiteElo "2456"]
[BlackElo "2425"]
[WhiteFideId "1705814"]
[BlackFideId "14000571"]
[EventDate "2019.12.29"]

1. e4 c5 2. Nf3 e6 3. c3 d5 4. exd5 exd5 5. Bb5+ Bd7 6. Bxd7+ Nxd7 7. O-O Ngf6
8. d4 Be7 9. dxc5 Nxc5 10. Nd4 Qd7 11. Nd2 O-O 12. N2b3 b6 13. Bf4 Rfe8 14. Qc2
Nfe4 15. f3 Nd6 16. Rad1 Bf6 17. Bxd6 Qxd6 18. Nf5 Qc6 19. Nbd4 Qa4 20. b3 Qd7
21. Rd2 g6 22. Ng3 Rac8 23. Rfd1 Ne6 24. Nge2 Nxd4 25. Nxd4 Qe7 26. Qd3 h5 27.
g3 Qe3+ 28. Qxe3 Rxe3 29. Kf2 Rcxc3 30. Nb5 Rxf3+ 31. Kg2 Rce3 32. Nc7 Rf5 33.
Nxd5 Ree5 34. Nc7 Kg7 35. Rc2 Re4 36. Rdd2 Bg5 37. Re2 Rxe2+ 38. Rxe2 Rc5 39.
Ne8+ Kf8 40. Nd6 Be7 41. Nc4 b5 42. Ne5 Rd5 43. Nc6 Bc5 44. Rc2 Ke8 45. b4 Bb6
46. Re2+ Kf8 47. Rc2 Rd6 48. Ne5 Rd4 49. Nc6 Rd3 50. Ne5 Rd5 51. Nc6 Kg7 52. Kf3
Rd3+ 53. Ke4 Ra3 54. Kd5 Kh6 55. Ne5 f6 56. Nd7 Rd3+ 57. Ke6 Bd4 58. Kf7 Kg5 59.
Nf8 Kg4 60. Nxg6 f5 61. Nf4 Rc3 62. Re2 Rc7+ 63. Ke6 Rc8 64. Kd7 Rc4 65. Re6
Rxb4 66. Rg6+ Kf3 67. Nxh5 Ra4 68. Kc6 Ra6+ 0-1

[Event "Mondiale Lampo FIDE 2019"]
[Site "Mosca"]
[Date "30.12.2019"]
[Round "18.84"]
[White "Moiseenko, Vadim"]
[Black "Deviatkin, Andrei"]
[Result "1-0"]
[WhiteTitle "GM"]
[BlackTitle "GM"]
[WhiteElo "2526"]
[BlackElo "2436"]
[WhiteFideId "4123700"]
[BlackFideId "4121260"]
[EventDate "2019.12.29"]

1. e4 c6 2. d4 d5 3. exd5 cxd5 4. Bd3 Nc6 5. c3 Nf6 6. Bf4 Bg4 7. Qb3 Qc8 8. Nd2
e6 9. Ngf3 Be7 10. h3 Bh5 11. O-O Bg6 12. Bxg6 hxg6 13. Rae1 O-O 14. Ne5 Nxe5
15. Bxe5 Qc6 16. Re3 b5 17. Nf3 a5 18. Nd2 b4 19. Rc1 Rfc8 20. Qd1 Qb5 21. h4
bxc3 22. bxc3 Rc6 23. Rb1 Qa6 24. Rh3 Qc8 25. h5 Rxc3 26. hxg6 Rxh3 27. gxf7+
Kxf7 28. gxh3 Qh8 29. Kg2 Qh7 30. Rb7 Qg6+ 31. Kh2 Re8 32. Qf3 Kg8 33. Ra7 Ne4
34. Nxe4 dxe4 35. Qg3 Qxg3+ 36. Kxg3 Bf6 37. Rxa5 Rf8 38. a4 Bxe5+ 39. Rxe5 Rf3+
40. Kg2 Ra3 41. Rxe6 Rxa4 42. Rxe4 Kf7 43. h4 Kf6 44. f3 Kf5 45. Kg3 g6 46. Re5+
Kf6 47. Rd5 Ke6 48. Re5+ Kf6 49. Re4 Ra1 50. Rf4+ Ke6 51. Rg4 Kf6 52. Kf4 Re1
53. Rg2 Rh1 54. Rg4 Re1 55. d5 Rd1 56. Ke4 Rd2 57. Rf4+ Ke7 58. Ke5 Rd1 59. Rg4
Re1+ 60. Re4 Rd1 61. Re2 Rd3 62. f4 Rd1 63. Re3 Rd2 64. Rg3 Re2+ 65. Kd4 Rf2 66.
Ke3 Rh2 67. Rxg6 Rxh4 68. Ke4 Rh1 69. Ra6 Rf1 70. Kf5 Rf2 71. Re6+ Kd7 72. Re1
Kd6 73. Kg5 Kxd5 74. f5 Rg2+ 75. Kf6 Kd6 76. Kf7 Kd7 77. f6 Rg3 78. Rd1+ Kc8 79.
Kf8 Kc7 80. f7 Rg2 81. Rd4 1-0

[Event "Mondiale Lampo FIDE 2019"]
[Site "Mosca"]
[Date "30.12.2019"]
[Round "18.85"]
[White "Gurvich, Vitaly"]
[Black "Bocharov, Dmitry"]
[Result "1/2-1/2"]
[WhiteTitle "FM"]
[BlackTitle "GM"]
[WhiteElo "2230"]
[BlackElo "2524"]
[WhiteFideId "24164852"]
[BlackFideId "4138716"]
[EventDate "2019.12.29"]

1. d4 Nf6 2. c4 e6 3. Nf3 d5 4. g3 Bb4+ 5. Bd2 Be7 6. Bg2 O-O 7. O-O Nbd7 8. Qc2
Ne4 9. Nc3 Nxd2 10. Qxd2 dxc4 11. Rfd1 c6 12. a4 b6 13. Qc2 a5 14. Nd2 Bb7 15.
Nxc4 Nf6 16. Ne5 Nd5 17. Nxd5 cxd5 18. Nc6 Bxc6 19. Qxc6 Rc8 20. Qb5 Rc4 21. e3
Qc7 22. Bf1 Rb4 23. Qe2 Qd7 24. Rdc1 Rxa4 25. Rxa4 Qxa4 26. Qb5 Qa2 27. Qxb6 Bb4
28. Qb7 Qxb2 29. Rc8 g6 30. Rxf8+ Kxf8 31. Qb8+ Kg7 32. Qe5+ Kg8 33. Qb8+ Kg7
34. Qe5+ Kf8 35. Qb8+ Ke7 36. Qc7+ Kf8 37. Qb8+ Kg7 38. Qe5+ Kg8 39. Qb8+ 1/2-1/2

[Event "Mondiale Lampo FIDE 2019"]
[Site "Mosca"]
[Date "30.12.2019"]
[Round "18.86"]
[White "Gutenev, Alexander"]
[Black "Guseinov, Gadir"]
[Result "1-0"]
[WhiteTitle "IM"]
[BlackTitle "GM"]
[WhiteElo "2469"]
[BlackElo "2666"]
[WhiteFideId "4195540"]
[BlackFideId "13401378"]
[EventDate "2019.12.29"]

1. e4 c5 2. Nf3 g6 3. d4 cxd4 4. Qxd4 Nf6 5. Nc3 Nc6 6. Qa4 d6 7. e5 dxe5 8.
Nxe5 Bg7 9. Nxc6 bxc6 10. Qxc6+ Bd7 11. Qf3 O-O 12. Bd3 Ng4 13. Be4 Rc8 14. O-O
Ne5 15. Qe2 Bg4 16. Qa6 Be6 17. Qxa7 Nc4 18. Rd1 Qe8 19. Nd5 Bxd5 20. Rxd5 Qc6
21. Qd7 Qf6 22. Rd1 e6 23. c3 Qh4 24. Bf3 Rb8 25. Qa4 Rfc8 26. h3 Qf6 27. Qc2 h5
28. a4 Rc5 29. Qe2 Rbc8 30. Rb1 Re5 31. Qc2 Rf5 32. Be4 Re5 33. Bd3 Nb6 34. Ra1
Nd5 35. a5 Nb4 36. Qd2 Nc6 37. a6 Rd5 38. Qe2 Re5 39. Be3 Qe7 40. a7 Ra8 41. Ra6
Nxa7 42. Rda1 Rd8 43. Rxa7 Qd6 44. Bc2 Bh6 45. Qf3 1-0

[Event "Mondiale Lampo FIDE 2019"]
[Site "Mosca"]
[Date "30.12.2019"]
[Round "18.87"]
[White "Guliyev, Namig"]
[Black "Novikov, Stanislav"]
[Result "0-1"]
[WhiteTitle "GM"]
[BlackTitle "GM"]
[WhiteElo "2548"]
[BlackElo "2531"]
[WhiteFideId "13400363"]
[BlackFideId "4125371"]
[EventDate "2019.12.29"]

1. e4 g6 2. d4 Bg7 3. Nc3 c6 4. Nf3 b5 5. Bd3 d6 6. h3 Qc7 7. Be3 Nd7 8. Qd2 Bb7
9. Ne2 a6 10. O-O e5 11. c3 c5 12. d5 c4 13. Bc2 h6 14. g4 h5 15. Nh2 hxg4 16.
hxg4 Nc5 17. f3 Bc8 18. a4 Rb8 19. axb5 axb5 20. Ra3 Bd7 21. Rfa1 Na4 22. b3
cxb3 23. Bxb3 f5 24. c4 Nc5 25. Bc2 fxe4 26. fxe4 Nf6 27. Ra7 Qc8 28. Ng3 b4 29.
g5 Nh5 30. Nxh5 Rxh5 31. Qf2 b3 32. Bd1 Rh7 33. Bxc5 Qxc5 34. Qxc5 dxc5 35. Bg4
Bf8 36. Bxd7+ Rxd7 37. Rxd7 Kxd7 38. Ng4 Kd6 39. Ra6+ Kc7 40. Ra1 b2 41. Rb1 Kd6
42. Ne3 Be7 43. Nd1 Bxg5 44. Rxb2 Rb4 45. Kf1 Bf4 46. Rxb4 cxb4 47. Nb2 Kc5 48.
Nd3+ Kxc4 49. Ke2 g5 0-1

[Event "Mondiale Lampo FIDE 2019"]
[Site "Mosca"]
[Date "30.12.2019"]
[Round "18.88"]
[White "Makoveev, Ilya"]
[Black "Krsnik Cohar, Ivan Vihor"]
[Result "1-0"]
[WhiteTitle "FM"]
[BlackTitle "FM"]
[WhiteElo "2277"]
[BlackElo "2313"]
[WhiteFideId "34155748"]
[BlackFideId "14520044"]
[EventDate "2019.12.29"]

1. e4 c6 2. d4 d5 3. e5 Bf5 4. h4 h5 5. Bg5 Qb6 6. Bd3 Bxd3 7. Qxd3 e6 8. Nd2
Qa6 9. c4 Be7 10. Ngf3 Nd7 11. O-O Bxg5 12. Nxg5 Ne7 13. b3 Nf5 14. g3 O-O 15.
Kh2 c5 16. Qf3 g6 17. cxd5 Nxd4 18. Qe4 exd5 19. Qxd5 Rad8 20. Nde4 Qb5 21. Nd6
Qc6 22. Qxc6 Nxc6 23. e6 fxe6 24. Nxe6 Rf6 25. Nxd8 Nxd8 26. Rad1 Nc6 27. Ne4
Rf7 28. Rxd7 1-0

[Event "Mondiale Lampo FIDE 2019"]
[Site "Mosca"]
[Date "30.12.2019"]
[Round "18.89"]
[White "Potkin, Vladimir"]
[Black "Lobanov, Sergei"]
[Result "1/2-1/2"]
[WhiteTitle "GM"]
[BlackTitle "IM"]
[WhiteElo "2583"]
[BlackElo "2504"]
[WhiteFideId "4131061"]
[BlackFideId "24183750"]
[EventDate "2019.12.29"]

1. d4 Nf6 2. c4 g6 3. Nc3 d5 4. cxd5 Nxd5 5. g3 Bg7 6. Bg2 Nb6 7. Nf3 O-O 8. O-O
Nc6 9. d5 Na5 10. e4 c6 11. Nd4 e5 12. Nb3 Nxb3 13. axb3 cxd5 14. exd5 Bf5 15.
Be3 a6 16. d6 Rb8 17. Qd2 Nd7 18. Nd5 Kh8 19. Rac1 Nf6 20. Nxf6 Qxf6 21. Bg5 Qe6
22. Be7 Rfe8 23. Bd5 Qd7 24. Rc7 Rxe7 25. Rxd7 Rxd7 26. Qb4 Rbd8 27. g4 Rxd6 28.
gxf5 Rxd5 29. Qxb7 Rb5 30. Qxf7 Rf8 31. Qe6 gxf5 32. Rd1 e4 33. Rd7 Rg8 34. Kf1
Bxb2 35. Rf7 Bg7 36. Rxf5 Rb4 37. Rf7 Rgb8 38. Qxa6 Rxb3 39. Qa7 Rb1+ 40. Kg2
Rg8 41. Kh3 Rb3+ 42. Kh4 Rb5 43. Qd7 Rc5 44. Qe7 Rb5 45. Qxe4 Rb6 46. Rf5 Rh6+
47. Kg3 Be5+ 48. Kf3 Rh3+ 49. Ke2 Bg7 50. Qf4 Re8+ 51. Kf1 Ra3 52. Rf7 Ra1+ 53.
Kg2 Rg8 54. Kf3 Ra3+ 55. Ke2 Re8+ 56. Kf1 Ra1+ 57. Kg2 Rg8 58. Qe4 Ra3 59. h3
Be5+ 60. Kf1 Ra1+ 61. Ke2 Ra2+ 62. Kf3 Ra3+ 63. Ke2 Ra2+ 64. Ke1 Ra1+ 65. Kd2
Rd8+ 66. Ke2 Ra2+ 67. Kf3 Ra3+ 68. Kg4 Rg8+ 69. Kf5 Ra5 70. Ke6 Bg7 71. Re7 Ra6+
72. Kd7 Ra7+ 73. Kc6 Ra6+ 74. Kb5 Rf6 75. f4 Rgf8 76. Re8 Rxf4 77. Rxf8+ Rxf8
78. Kc6 Rf6+ 79. Kd7 Rf8 80. Qg4 Rf7+ 81. Ke6 Rf8 82. h4 h6 83. h5 Rf6+ 84. Ke7
Rf8 85. Qg6 Ra8 86. Kd7 Ra7+ 1/2-1/2

[Event "Mondiale Lampo FIDE 2019"]
[Site "Mosca"]
[Date "30.12.2019"]
[Round "18.90"]
[White "Xu, Xiangyu"]
[Black "Yagupov, Igor"]
[Result "0-1"]
[WhiteTitle "GM"]
[BlackTitle "GM"]
[WhiteElo "2582"]
[BlackElo "2357"]
[WhiteFideId "8608288"]
[BlackFideId "4113632"]
[EventDate "2019.12.29"]

1. e4 c5 2. Nc3 Nc6 3. Bb5 Nd4 4. Nf3 e6 5. Nxd4 cxd4 6. Ne2 Qg5 7. Bd3 Qxg2 8.
Ng3 Qh3 9. c3 Bc5 10. b4 Bb6 11. c4 d6 12. Bb2 e5 13. a4 a5 14. bxa5 Rxa5 15.
Qb3 Bc5 16. Kd1 Ne7 17. Ba3 Nc6 18. Kc2 g6 19. Be2 h5 20. d3 h4 21. Nf1 Qg2 22.
Nd2 Qxf2 23. Rae1 Qf6 24. Rhf1 Qe7 25. Rf2 Be6 26. Rb1 b6 27. Kd1 O-O 28. Bc1
Rfa8 29. Nf3 h3 30. Ra1 Qa7 31. Ng5 Nd8 32. Nxe6 Nxe6 33. Bg4 Rxa4 34. Rxa4 Qxa4
35. Qxa4 Rxa4 36. Bxh3 Ra1 37. Bxe6 fxe6 38. Rc2 Ba3 39. Kd2 Bxc1+ 40. Rxc1 Rxc1
41. Kxc1 Kh7 42. Kb2 Kh6 43. Kb3 Kg5 44. Kb4 Kf4 45. Kb5 Ke3 0-1

[Event "Mondiale Lampo FIDE 2019"]
[Site "Mosca"]
[Date "30.12.2019"]
[Round "18.91"]
[White "Gukesh, D"]
[Black "Triapishko, Alexandr"]
[Result "0-1"]
[WhiteTitle "GM"]
[BlackTitle "IM"]
[WhiteElo "2547"]
[BlackElo "2502"]
[WhiteFideId "46616543"]
[BlackFideId "14122286"]
[EventDate "2019.12.29"]

1. e4 e5 2. Nf3 Nc6 3. Bc4 Bc5 4. c3 Nf6 5. d4 exd4 6. e5 d5 7. Be2 Ne4 8. cxd4
Bb4+ 9. Bd2 Nxd2 10. Nbxd2 O-O 11. a3 Ba5 12. O-O Bb6 13. Nb3 f6 14. Rc1 Ne7 15.
exf6 Rxf6 16. Ne5 c6 17. f4 Ng6 18. Nxg6 hxg6 19. Nc5 Qe7 20. Rc3 Bf5 21. Qd2
Re8 22. Bf3 Bxc5 23. dxc5 Re6 24. b4 Re3 25. Rcc1 Rd3 26. Qb2 Qf6 27. Qa2 Qd4+
28. Kh1 Rd2 29. Qb3 Re3 30. Qa4 Be4 31. Bxe4 Qxe4 32. Rg1 Ree2 33. Qxa7 Rxg2 34.
Qb8+ Kh7 0-1

[Event "Mondiale Lampo FIDE 2019"]
[Site "Mosca"]
[Date "30.12.2019"]
[Round "18.92"]
[White "Tsoi, Dmitry"]
[Black "Tsvetkov, Andrey"]
[Result "0-1"]
[WhiteTitle "FM"]
[BlackTitle "FM"]
[WhiteElo "2321"]
[BlackElo "2350"]
[WhiteFideId "24194697"]
[BlackFideId "34139360"]
[EventDate "2019.12.29"]

1. e4 c5 2. f4 d5 3. Nc3 dxe4 4. Nxe4 Nd7 5. Nf3 Ngf6 6. d3 e6 7. Be2 Be7 8. O-O
O-O 9. Kh1 b6 10. a4 Bb7 11. Ng3 a6 12. f5 exf5 13. Nxf5 Re8 14. d4 Bf8 15. Bc4
cxd4 16. Bf4 Nc5 17. Bg5 Nce4 18. Qd3 Nxg5 19. Nxg5 Bd5 20. Qg3 g6 21. Bd3 Ne4
22. Bxe4 Bxe4 23. Qh4 h5 24. Ng3 Bd5 25. Nxh5 Be7 26. Nf6+ Bxf6 27. Qh7+ Kf8 28.
Nxf7 Bxf7 29. Rf4 Re6 30. Raf1 Qd6 31. g3 Rae8 32. h4 Re1 33. Rxf6 Qxf6 0-1

[Event "Mondiale Lampo FIDE 2019"]
[Site "Mosca"]
[Date "30.12.2019"]
[Round "18.93"]
[White "Tengis, Tsog-Ochir"]
[Black "Luukkonen, Tommi"]
[Result "1-0"]
[WhiteTitle "FM"]
[BlackTitle "FM"]
[WhiteElo "2190"]
[BlackElo "2290"]
[WhiteFideId "4902718"]
[BlackFideId "501808"]
[EventDate "2019.12.29"]

1. Nf3 c5 2. c4 Nc6 3. b3 d6 4. Bb2 e5 5. d3 f5 6. Nbd2 Nf6 7. e3 Be7 8. Be2 O-O
9. O-O a6 10. d4 cxd4 11. exd4 e4 12. Ne1 d5 13. f4 dxc4 14. Nxc4 Nd5 15. Nc2 g5
16. N4e3 Nxf4 17. Bc4+ Ne6 18. d5 b5 19. Be2 f4 20. Ng4 h5 21. Nf2 g4 22. Nxe4
Qb6+ 23. Kh1 Rd8 24. Qd3 f3 25. gxf3 Nf4 26. Qc3 Bf8 27. Qh8+ Kf7 28. Qf6+ Ke8
29. Qxf4 Rxd5 30. Nf6+ 1-0

[Event "Mondiale Lampo FIDE 2019"]
[Site "Mosca"]
[Date "30.12.2019"]
[Round "18.94"]
[White "Belousov, Danila"]
[Black "Mozharov, Mikhail"]
[Result "1-0"]
[WhiteTitle "FM"]
[BlackTitle "GM"]
[WhiteElo "2274"]
[BlackElo "2558"]
[WhiteFideId "4167350"]
[BlackFideId "4189825"]
[EventDate "2019.12.29"]

1. e4 c6 2. d3 d5 3. Nd2 g6 4. Ngf3 Bg7 5. g3 e5 6. Bg2 Ne7 7. O-O O-O 8. b4 a5
9. bxa5 Qxa5 10. Bb2 Qc7 11. Re1 d4 12. a4 c5 13. c3 dxc3 14. Bxc3 Nec6 15. Nc4
Na6 16. h3 Be6 17. Ne3 Nab4 18. Ng5 Rad8 19. Nxe6 fxe6 20. Qg4 Qf7 21. Rf1 Rxd3
22. Ra3 Rfd8 23. h4 h5 24. Qe2 Bh6 25. Nc4 Nd4 26. Bxd4 Rxa3 27. Nxe5 Qc7 28.
Bb2 Ra2 29. Nxg6 Kh7 30. Qxh5 Rxb2 31. Nf4 Rg8 32. Nxe6 Qe7 33. Bh3 Qf6 34. Bf5+
Kh8 35. Rd1 Rxf2 36. Kxf2 Qb2+ 37. Kf1 Qf6 38. Rd7 Qa1+ 39. Kg2 Qb2+ 40. Kh3
Rxg3+ 41. Kxg3 Qc3+ 42. Qf3 Qe1+ 43. Kh3 1-0

[Event "Mondiale Lampo FIDE 2019"]
[Site "Mosca"]
[Date "30.12.2019"]
[Round "18.95"]
[White "Tissir, Mohamed"]
[Black "Studer, Noel"]
[Result "0-1"]
[WhiteTitle "IM"]
[BlackTitle "GM"]
[WhiteElo "2379"]
[BlackElo "2546"]
[WhiteFideId "9000240"]
[BlackFideId "1319620"]
[EventDate "2019.12.29"]

1. e4 e6 2. Qe2 c5 3. Nf3 Nc6 4. g3 g6 5. Bg2 Bg7 6. O-O d6 7. c3 Nge7 8. Rd1 e5
9. Na3 O-O 10. Nc2 d5 11. exd5 Nxd5 12. d4 exd4 13. cxd4 Re8 14. Qb5 Bf5 15. Ne3
Nxe3 16. fxe3 cxd4 17. exd4 Bc2 18. Bg5 Qd7 19. Rd2 a6 20. Qb6 Be4 21. d5 Ne7
22. Bxe7 Rxe7 23. d6 Ree8 24. Rc1 Bc6 25. Rcd1 Bh6 26. Rd3 Bb5 27. Rc3 Rad8 28.
Kh1 Bc6 29. Qf2 Qe6 30. Rcd3 Be3 31. Qe2 Bc5 32. Qxe6 Rxe6 33. d7 Re7 34. Nd4
Bxg2+ 35. Kxg2 Rexd7 36. Ne6 Rxd3 0-1

[Event "Mondiale Lampo FIDE 2019"]
[Site "Mosca"]
[Date "30.12.2019"]
[Round "18.96"]
[White "Blohberger, Felix"]
[Black "Thing, Bibek"]
[Result "1-0"]
[WhiteTitle "IM"]
[BlackTitle "CM"]
[WhiteElo "2434"]
[BlackElo "2222"]
[WhiteFideId "1632051"]
[BlackFideId "12303135"]
[EventDate "2019.12.29"]

1. b3 Nf6 2. Bb2 e6 3. Nf3 d5 4. g3 Be7 5. c4 c5 6. cxd5 Qxd5 7. Bg2 O-O 8. O-O
Qh5 9. d4 Nc6 10. dxc5 Qxc5 11. Nc3 Rd8 12. Qc1 Qh5 13. Rd1 Bd7 14. Qg5 Qxg5 15.
Nxg5 Rac8 16. Rac1 Be8 17. Nge4 Nxe4 18. Nxe4 Nb4 19. Rxd8 Rxd8 20. a3 Nd5 21.
Nc5 Bc6 22. Nd3 f6 23. b4 Bf8 24. h4 Kf7 25. Bf3 e5 26. Nc5 g6 27. h5 Bg7 28.
hxg6+ hxg6 29. Rd1 Bf8 30. e4 b6 31. exd5 Bb5 32. Ne6 Rd7 33. Nxf8 Kxf8 34. Rc1
Ke7 35. g4 Kd6 36. Rc8 f5 37. Rg8 e4 38. Rxg6+ Kxd5 39. Bg2 f4 40. Rg5+ Kc4 41.
Bf1+ Kb3 42. Bxb5 Rd1+ 43. Bf1 Kxb2 44. Re5 Re1 45. g5 Kc3 46. g6 Kd4 47. g7
Kxe5 48. g8=Q Kd4 49. Qc4+ Ke5 50. Qc3+ 1-0